Ēr̲r̲umīn. (Record no. 57743)

MARC details
000 -LEADER
fixed length control field 00516cam a22002171 4500
001 - CONTROL NUMBER
control field sa 64003166
003 - CONTROL NUMBER IDENTIFIER
control field DLC
005 - DATE AND TIME OF LATEST TRANSACTION
control field 20260227112015.0
008 - FIXED-LENGTH DATA ELEMENTS--GENERAL INFORMATION
fixed length control field 890713s1962 ii 000 1 malo
010 ## - LIBRARY OF CONGRESS CONTROL NUMBER
LC control number sa 64003166
035 ## - SYSTEM CONTROL NUMBER
System control number (OCoLC)20006611
040 ## - CATALOGING SOURCE
Original cataloging agency DLC
Transcribing agency WaU
Modifying agency DLC
042 ## - AUTHENTICATION CODE
Authentication code premarc
050 00 - LIBRARY OF CONGRESS CALL NUMBER
Classification number PL4718.9.M283
Item number E7
100 1# - MAIN ENTRY--PERSONAL NAME
Personal name Maratt, K. A. C.
245 10 - TITLE STATEMENT
Title Ēr̲r̲umīn.
260 ## - PUBLICATION, DISTRIBUTION, ETC.
Place of publication, distribution, etc. [Kunnamkulam]
Date of publication, distribution, etc. [1962?]
300 ## - PHYSICAL DESCRIPTION
Extent 135 p.
Dimensions 19 cm.
500 ## - GENERAL NOTE
General note In Malayalam.
500 ## - GENERAL NOTE
General note A novel.

No items available.

Powered by Koha